[Event "2nd Serbia Open Masters 2022"]
[Site "Novi Sad"]
[Date "2022.07.03"]
[Round "6.41"]
[White "Nitish Belurkar"]
[Black "Tomazini, Zan"]
[Result "1/2-1/2"]
[WhiteElo "2452"]
[BlackElo "2359"]
[Annotator "TA"]
[PlyCount "66"]
[EventDate "2022.06.28"]
[EventType "swiss"]
[EventCountry "SRB"]
[SourceTitle "playchess.com"]
[Source "ChessBase"]
[SourceQuality "1"]

1. e4 c5 2. Nf3 d6 3. d4 cxd4 4. Nxd4 Nf6 5. Nc3 Bd7 6. Be3 a6 7. Be2 e5 8. Nb3 Bc6 9. f3 b5 10. a4 b4 11. Nd5 Bxd5 12. exd5 Nbd7 13. a5 Nc5 14. Qd2 Be7 15. O-O O-O 16. Rfd1 Nfd7 17. Qxb4 Bg5 18. Bf2 Rb8 19. Qc4 e4 20. Nxc5 dxc5 21. fxe4 Rxb2 22. Bxc5 Nxc5 23. Qxc5 Bf4 24. Qc3 Qb8 25. d6 Rb4 26. Qc6 Qa7+ 27. Kh1 Qf2 28. Bg4 Be5 29. d7 Qh4 30. h3 Qg3 31. Kg1 Qe3+ 32. Kh1 Qg3 33. Kg1 Qe3+ 1/2-1/2

[Event "2nd Serbia Open Masters 2022"]
[Site "Novi Sad"]
[Date "2022.07.03"]
[Round "6.42"]
[White "Rozen, Eytan"]
[Black "Hristodoulou, Panagiotis"]
[Result "1-0"]
[WhiteElo "2425"]
[BlackElo "2328"]
[Annotator "TA"]
[PlyCount "53"]
[EventDate "2022.06.28"]
[EventType "swiss"]
[EventCountry "SRB"]
[SourceTitle "playchess.com"]
[Source "ChessBase"]
[SourceQuality "1"]

1. e4 e6 2. d4 d5 3. e5 c5 4. c3 Nc6 5. Nf3 Bd7 6. Be2 Nge7 7. Na3 cxd4 8. cxd4 Nf5 9. Nc2 Qb6 10. O-O Rc8 11. Bd3 Nb4 12. Nxb4 Bxb4 13. Kh1 Be7 14. g4 Nh4 15. Nxh4 Bxh4 16. Be3 Be7 17. f4 f6 18. exf6 gxf6 19. g5 Bb5 20. Qh5+ Kd7 21. Bxb5+ Qxb5 22. gxf6 Qd3 23. fxe7 Qxe3 24. Rae1 Qxd4 25. Qf7 Rce8 26. Qxe6+ Kc7 27. f5 1-0

[Event "2nd Serbia Open Masters 2022"]
[Site "Novi Sad"]
[Date "2022.07.03"]
[Round "6.43"]
[White "Milikow, Yoav"]
[Black "Koutlas, Nikolaos"]
[Result "1-0"]
[WhiteElo "2410"]
[BlackElo "2251"]
[Annotator "TA"]
[PlyCount "73"]
[EventDate "2022.06.28"]
[EventType "swiss"]
[EventCountry "SRB"]
[SourceTitle "playchess.com"]
[Source "ChessBase"]
[SourceQuality "1"]

1. d4 Nf6 2. c4 e6 3. Nc3 Bb4 4. e3 O-O 5. Bd3 d5 6. a3 Bxc3+ 7. bxc3 dxc4 8. Bxc4 c5 9. Ne2 Qc7 10. Bd3 b6 11. O-O Bb7 12. Ng3 Ba6 13. e4 cxd4 14. Bxa6 Nxa6 15. cxd4 Rac8 16. Bg5 Nd7 17. Qg4 Kh8 18. Nh5 f5 19. exf5 exf5 20. Qh4 Rfe8 21. Nf4 Qd6 22. Rae1 Kg8 23. Qg3 h6 24. Be7 Rxe7 25. Nd5 Qxd5 26. Rxe7 Qxd4 27. Qf3 Nac5 28. Rd1 Qf6 29. Qd5+ Kh7 30. Rxd7 Nxd7 31. Qxd7 Rc5 32. g3 a5 33. Rd6 Qe5 34. Re6 Rc1+ 35. Kg2 Qc5 36. Qf7 Kh8 37. Qe8+ 1-0

[Event "2nd Serbia Open Masters 2022"]
[Site "Novi Sad"]
[Date "2022.07.03"]
[Round "6.44"]
[White "Srbis, Jurica"]
[Black "Eren, Ataberk"]
[Result "1-0"]
[WhiteElo "2451"]
[BlackElo "2273"]
[Annotator "TA"]
[PlyCount "109"]
[EventDate "2022.06.28"]
[EventType "swiss"]
[EventCountry "SRB"]
[SourceTitle "playchess.com"]
[Source "ChessBase"]
[SourceQuality "1"]

1. e4 e5 2. Nc3 Nf6 3. d4 exd4 4. Qxd4 Nc6 5. Qd3 Bb4 6. Bd2 O-O 7. O-O-O Re8 8. Nge2 d6 9. Bg5 Be6 10. f4 Bc5 11. f5 Bd7 12. Nd5 Nb4 13. Nxb4 Bxb4 14. Nf4 h6 15. Bh4 Bc6 16. Nh5 Nxh5 17. Bxd8 Raxd8 18. Qb3 Ba5 19. Bc4 Rd7 20. Bd5 Nf6 21. Bxc6 bxc6 22. Qa4 Re5 23. Qxc6 Rxe4 24. Qa8+ Kh7 25. Qxa7 Bb6 26. Qa6 Rde7 27. Kb1 Re2 28. a4 Bc5 29. h3 R7e3 30. Rd3 Re5 31. Qc4 Rxg2 32. Qxf7 Bb6 33. b4 Re4 34. Qb3 Bg1 35. Rg3 Rxg3 36. Qxg3 Rxb4+ 37. Kc1 Bc5 38. Re1 d5 39. Qxc7 Rc4 40. Qg3 Ne4 41. Qg6+ Kh8 42. Rxe4 Rxe4 43. f6 Be3+ 44. Kd1 gxf6 45. Qxf6+ Kg8 46. a5 Bg5 47. Qg6+ Kf8 48. Qd6+ Ke8 49. a6 Be3 50. Qb8+ Kf7 51. a7 Bxa7 52. Qxa7+ Kf6 53. Qb6+ Re6 54. Qd4+ Re5 55. Qf4+ 1-0

[Event "2nd Serbia Open Masters 2022"]
[Site "Novi Sad"]
[Date "2022.07.03"]
[Round "6.45"]
[White "Spyropoulos, Nikolaos"]
[Black "Arpita, Mukherjee"]
[Result "1-0"]
[WhiteElo "2445"]
[BlackElo "2275"]
[Annotator "TA"]
[PlyCount "69"]
[EventDate "2022.06.28"]
[EventType "swiss"]
[EventCountry "SRB"]
[SourceTitle "playchess.com"]
[Source "ChessBase"]
[SourceQuality "1"]

1. d4 Nf6 2. Nf3 g6 3. Bg5 Bg7 4. Nbd2 d6 5. c3 O-O 6. e3 b6 7. Bd3 Bb7 8. O-O c5 9. Re1 Nbd7 10. e4 cxd4 11. cxd4 h6 12. Bh4 Nh5 13. Rc1 Rc8 14. Qa4 a5 15. Bb5 Nb8 16. a3 g5 17. Bg3 Nxg3 18. hxg3 Rc7 19. Rcd1 Rc8 20. e5 Na6 21. Nc4 Nc7 22. Bc6 Bxc6 23. Qxc6 Ne6 24. Qb5 g4 25. Nh4 dxe5 26. Nxe5 Qd6 27. Nf5 Qc7 28. Nc6 Kh8 29. d5 Bf6 30. Ncxe7 Bxe7 31. dxe6 Bc5 32. e7 Rfe8 33. Rd7 Bxf2+ 34. Kxf2 Qc2+ 35. Re2 1-0

[Event "2nd Serbia Open Masters 2022"]
[Site "Novi Sad"]
[Date "2022.07.03"]
[Round "6.46"]
[White "Rohith Krishna S"]
[Black "Shyaamnikhil P"]
[Result "1/2-1/2"]
[WhiteElo "2337"]
[BlackElo "2443"]
[Annotator "TA"]
[PlyCount "85"]
[EventDate "2022.06.28"]
[EventType "swiss"]
[EventCountry "SRB"]
[SourceTitle "playchess.com"]
[Source "ChessBase"]
[SourceQuality "1"]

1. Nf3 c5 2. g3 g6 3. Bg2 Bg7 4. O-O Nc6 5. d3 Nf6 6. e4 O-O 7. Re1 d6 8. c3 e5 9. Na3 h6 10. Nc2 Re8 11. b4 cxb4 12. cxb4 a6 13. Bd2 Be6 14. a4 Rc8 15. Na3 d5 16. Qb1 dxe4 17. dxe4 Nd7 18. h3 Kh7 19. Rc1 Ne7 20. Bf1 Rxc1 21. Bxc1 Qc7 22. a5 f5 23. Nd2 Nc6 24. Bc4 Nd4 25. Bb2 f4 26. Kg2 fxg3 27. fxg3 Nf6 28. Bxe6 Rxe6 29. Qd3 Nc6 30. Qc3 Qe7 31. Nac4 Qxb4 32. Qxb4 Nxb4 33. Bxe5 Nd3 34. Bxf6 Rxf6 35. Rb1 Rf2+ 36. Kg1 Bd4 37. Kh1 Nc5 38. Nb3 Nxb3 39. Rxb3 Rf1+ 40. Kg2 Rf2+ 41. Kh1 Rf1+ 42. Kg2 Rf2+ 43. Kh1 1/2-1/2

[Event "2nd Serbia Open Masters 2022"]
[Site "Novi Sad"]
[Date "2022.07.03"]
[Round "6.47"]
[White "Milosevic, Milos"]
[Black "Samant Aditya S"]
[Result "1/2-1/2"]
[WhiteElo "2288"]
[BlackElo "2433"]
[Annotator "TA"]
[PlyCount "76"]
[EventDate "2022.06.28"]
[EventType "swiss"]
[EventCountry "SRB"]
[SourceTitle "playchess.com"]
[Source "ChessBase"]
[SourceQuality "1"]

1. e4 c5 2. Nf3 d6 3. d4 cxd4 4. Nxd4 Nf6 5. Nc3 Nc6 6. Bg5 e6 7. Qd3 Be7 8. O-O-O O-O 9. f4 Qb6 10. Nf3 Rd8 11. Kb1 a6 12. Rg1 Qc7 13. g4 b5 14. Bxf6 Bxf6 15. g5 Be7 16. h4 b4 17. Ne2 Ne5 18. Qb3 Nxf3 19. Qxf3 Bb7 20. Ng3 a5 21. f5 d5 22. fxe6 Bc5 23. Qxf7+ Qxf7 24. exf7+ Kxf7 25. Rh1 dxe4 26. Bg2 Rxd1+ 27. Rxd1 Re8 28. Rd7+ Re7 29. Rxe7+ Bxe7 30. Nxe4 Kg6 31. Bf3 Kf5 32. Ng3+ Kf4 33. Bxb7 Kxg3 34. h5 Kg4 35. Be4 Kxh5 36. Bxh7 Kxg5 37. c3 Kf4 38. Bg6 Kg5 1/2-1/2

[Event "2nd Serbia Open Masters 2022"]
[Site "Novi Sad"]
[Date "2022.07.03"]
[Round "6.48"]
[White "Adarsh Tripathi"]
[Black "Gan-Erdene, Sugar"]
[Result "1/2-1/2"]
[WhiteElo "2179"]
[BlackElo "2419"]
[Annotator "TA"]
[PlyCount "57"]
[EventDate "2022.06.28"]
[EventType "swiss"]
[EventCountry "SRB"]
[SourceTitle "playchess.com"]
[Source "ChessBase"]
[SourceQuality "1"]

1. e4 c5 2. Nf3 e6 3. b3 Nc6 4. Bb2 d6 5. d4 cxd4 6. Nxd4 a6 7. Bd3 Nf6 8. O-O Bd7 9. Nxc6 Bxc6 10. Qe2 d5 11. Nd2 Bb4 12. Rad1 Qe7 13. c4 dxc4 14. Nxc4 O-O 15. Ne5 Bb5 16. a4 Bxd3 17. Rxd3 Rfd8 18. Rfd1 Rxd3 19. Qxd3 Ba5 20. Nc4 Rd8 21. Qe2 Bb4 22. Rxd8+ Qxd8 23. g3 h6 24. Kg2 Bc5 25. Ne5 Qd6 26. Nc4 Qd8 27. Ne5 Qd6 28. Nc4 Qd8 29. Ne5 1/2-1/2

[Event "2nd Serbia Open Masters 2022"]
[Site "Novi Sad"]
[Date "2022.07.03"]
[Round "6.49"]
[White "Srija, Seshadri"]
[Black "Vignesh N R"]
[Result "0-1"]
[WhiteElo "2241"]
[BlackElo "2427"]
[Annotator "TA"]
[PlyCount "140"]
[EventDate "2022.06.28"]
[EventType "swiss"]
[EventCountry "SRB"]
[SourceTitle "playchess.com"]
[Source "ChessBase"]
[SourceQuality "1"]

1. e4 c5 2. Nf3 d6 3. Bb5+ Nd7 4. d4 cxd4 5. Nxd4 Ngf6 6. O-O g6 7. Re1 a6 8. Bf1 Bg7 9. c4 O-O 10. Nc3 e6 11. Be3 Qc7 12. f3 b6 13. Qd2 Bb7 14. Rac1 Rac8 15. Red1 Rfd8 16. b4 Qb8 17. Nb3 Bf8 18. a3 Ba8 19. Qf2 Bc6 20. h3 Re8 21. Be2 Be7 22. Rb1 Ba8 23. Rbc1 Rc6 24. f4 Rec8 25. f5 exf5 26. exf5 Ne5 27. Bg5 Ned7 28. fxg6 hxg6 29. Rf1 Rxc4 30. Bxc4 Rxc4 31. Qe2 Qb7 32. Rf3 Ne4 33. Nxe4 Rxe4 34. Qd2 Ne5 35. Rg3 Nc4 36. Qf2 Bxg5 37. Rxg5 Qe7 38. Rg3 Qe5 39. Rf1 Bd5 40. Nc1 Ne3 41. Re1 Nxg2 42. Rxe4 Bxe4 43. Rxg2 Bxg2 44. Qxg2 Qe3+ 45. Kh2 Qxc1 46. Qa8+ Kg7 47. Qxa6 Qd2+ 48. Kh1 Qe3 49. Kg2 d5 50. Qb5 Qd2+ 51. Kf3 Qc3+ 52. Kg2 Qb2+ 53. Kg1 Qxa3 54. Qxb6 Qg3+ 55. Kf1 Qxh3+ 56. Ke2 Qg2+ 57. Ke1 Qe4+ 58. Kf2 d4 59. Qc5 Qe3+ 60. Kf1 Qf3+ 61. Ke1 Qe4+ 62. Kd2 Qf4+ 63. Ke2 g5 64. b5 g4 65. b6 g3 66. Qd5 Qe3+ 67. Kd1 d3 68. Qg2 Qf2 69. Qe4 Qc2+ 70. Ke1 Qc1# 0-1

[Event "2nd Serbia Open Masters 2022"]
[Site "Novi Sad"]
[Date "2022.07.03"]
[Round "6.50"]
[White "Mihov, Filip"]
[Black "Radovanovic, Nikola"]
[Result "1/2-1/2"]
[WhiteElo "2235"]
[BlackElo "2423"]
[Annotator "TA"]
[PlyCount "118"]
[EventDate "2022.06.28"]
[EventType "swiss"]
[EventCountry "SRB"]
[SourceTitle "playchess.com"]
[Source "ChessBase"]
[SourceQuality "1"]

1. d4 Nf6 2. c4 g6 3. Nc3 Bg7 4. e4 d6 5. Nf3 O-O 6. Be2 e5 7. d5 a5 8. h3 Na6 9. Bg5 Qe8 10. g4 Nd7 11. Rg1 Ndc5 12. Qd2 c6 13. dxc6 bxc6 14. Qxd6 f6 15. Be3 Rf7 16. Qd2 Be6 17. Kf1 Rd8 18. Qc1 Nd3 19. Bxd3 Rxd3 20. b3 h5 21. Ne1 Rdd7 22. Nf3 Rd8 23. Bb6 Rd3 24. Ke2 Qd7 25. gxh5 gxh5 26. Bxa5 Bxh3 27. Ne1 Nc5 28. Bb6 Bg4+ 29. Rxg4 Qxg4+ 30. f3 Rxf3 31. Nxf3 Qg2+ 32. Kd1 Rd7+ 33. Nd2 Bh6 34. Ncb1 Nxe4 35. Ba5 Qf1+ 36. Kc2 Qd3+ 37. Kb2 Nxd2 38. Nxd2 Bxd2 39. Bxd2 Qxd2+ 40. Qxd2 Rxd2+ 41. Kc3 Rg2 42. a4 c5 43. a5 Rg3+ 44. Kc2 Kf7 45. a6 Rg8 46. b4 cxb4 47. a7 Ra8 48. Kb3 Ke6 49. Kxb4 Kd6 50. Kb5 Kc7 51. Ka6 Kc6 52. Rf1 Kc5 53. Rxf6 Kxc4 54. Rf5 e4 55. Rxh5 e3 56. Kb7 Rxa7+ 57. Kxa7 e2 58. Re5 Kd3 59. Rxe2 Kxe2 1/2-1/2

[Event "2nd Serbia Open Masters 2022"]
[Site "Novi Sad"]
[Date "2022.07.03"]
[Round "6.51"]
[White "Kilic, Eray"]
[Black "Mullick, Raahil"]
[Result "1-0"]
[WhiteElo "2192"]
[BlackElo "2237"]
[Annotator "TA"]
[PlyCount "135"]
[EventDate "2022.06.28"]
[EventType "swiss"]
[EventCountry "SRB"]
[SourceTitle "playchess.com"]
[Source "ChessBase"]
[SourceQuality "1"]

1. d4 Nf6 2. c4 g6 3. Nf3 Bg7 4. g3 O-O 5. Bg2 c6 6. O-O d5 7. cxd5 cxd5 8. Nc3 Nc6 9. Ne5 Nxe5 10. dxe5 Ng4 11. Nxd5 Nxe5 12. Bg5 Nc6 13. Qa4 h6 14. Be3 Bd7 15. Qb3 e6 16. Nc3 b6 17. Rfd1 Qe7 18. Bf4 Nd4 19. Rxd4 Bxd4 20. Rd1 Bxc3 21. Bxa8 Bb4 22. Be4 g5 23. Be3 f5 24. Bf3 Be8 25. Bd4 Bf7 26. Be5 Rc8 27. Qd3 a5 28. a3 Bc5 29. g4 Bg6 30. Qd7 Qxd7 31. Rxd7 Bf7 32. Bb7 Re8 33. h3 Re7 34. Rd8+ Re8 35. Rd2 Kh7 36. Bc6 Rc8 37. Bd7 Rf8 38. gxf5 exf5 39. Bxf5+ Kg8 40. e4 Re8 41. Bc3 Be6 42. b4 Bxf5 43. exf5 Bf8 44. Rd5 axb4 45. axb4 Re4 46. Rb5 Rc4 47. Bd2 Rc6 48. Kf1 Kf7 49. Ke2 Bd6 50. Be3 Bc7 51. Kd3 Bd8 52. Rd5 Bf6 53. b5 Rc3+ 54. Kd2 Rb3 55. Bxb6 Rxh3 56. Be3 Rh4 57. b6 Rb4 58. Rd7+ Kg8 59. b7 h5 60. Ba7 Be5 61. f6 Rb5 62. f7+ Kg7 63. Kd3 h4 64. Kc4 Rb1 65. Bc5 Rc1+ 66. Kd5 Rxc5+ 67. Kxc5 h3 68. Rd8 1-0

[Event "2nd Serbia Open Masters 2022"]
[Site "Novi Sad"]
[Date "2022.07.03"]
[Round "6.52"]
[White "Ram Aravind L N"]
[Black "Amartuvshin, Ganzorig"]
[Result "1/2-1/2"]
[WhiteElo "2116"]
[BlackElo "2350"]
[Annotator "TA"]
[PlyCount "116"]
[EventDate "2022.06.28"]
[EventType "swiss"]
[EventCountry "SRB"]
[SourceTitle "playchess.com"]
[Source "ChessBase"]
[SourceQuality "1"]

1. e4 c5 2. Nf3 e6 3. d4 cxd4 4. Nxd4 Nc6 5. Nc3 Qc7 6. Be3 a6 7. g4 Nge7 8. Ndb5 axb5 9. Nxb5 Qa5+ 10. Bd2 Qb6 11. Be3 Qa5+ 12. Bd2 Qb6 13. Nd6+ Kd8 14. Nxf7+ Ke8 15. Nd6+ Kd8 16. Nf7+ Ke8 17. Nxh8 Qxb2 18. Rb1 Qd4 19. Qf3 Ne5 20. Qe3 Qxe3+ 21. Bxe3 g6 22. f4 N5c6 23. h4 Bg7 24. Nxg6 Nxg6 25. e5 Ra4 26. Bb5 Rxa2 27. h5 Nge7 28. h6 Bh8 29. Bd3 Nb4 30. Bc4 Ra4 31. Bb3 Ra8 32. Bd2 Nbc6 33. c3 Kf8 34. O-O b5 35. Ra1 Rb8 36. Bc2 Kg8 37. Rfb1 d6 38. exd6 Nd5 39. Ra3 Bd7 40. c4 b4 41. cxd5 bxa3 42. dxc6 Rxb1+ 43. Bxb1 Bxc6 44. Bb4 Bd4+ 45. Kh2 Be3 46. Kg3 Bc1 47. Ba2 Kf7 48. f5 Bd7 49. fxe6+ Bxe6 50. Kh4 Be3 51. d7 Bb6 52. Bxe6+ Kxe6 53. Bxa3 Kxd7 54. g5 Ke6 55. g6 hxg6 56. Bb2 Bd8+ 57. Kg4 Bf6 58. Bxf6 Kxf6 1/2-1/2

[Event "2nd Serbia Open Masters 2022"]
[Site "Novi Sad"]
[Date "2022.07.04"]
[Round "7.1"]
[White "Ioannidis, Evgenios"]
[Black "Harsha Bharathakoti"]
[Result "1-0"]
[WhiteElo "2459"]
[BlackElo "2547"]
[Annotator "TA"]
[PlyCount "67"]
[EventDate "2022.06.28"]
[EventType "swiss"]
[EventCountry "SRB"]
[SourceTitle "playchess.com"]
[Source "ChessBase"]
[SourceQuality "1"]

1. d4 Nf6 2. c4 e6 3. Nc3 Bb4 4. Nf3 Bxc3+ 5. bxc3 d6 6. Qd3 Nbd7 7. g3 b6 8. Nd2 Bb7 9. e4 e5 10. Bg2 O-O 11. O-O Re8 12. Ba3 Nf8 13. Rae1 Qd7 14. f4 Qa4 15. fxe5 dxe5 16. Bxf8 Rxf8 17. Nf3 Nd7 18. Bh3 Rae8 19. Qb1 exd4 20. cxd4 Nb8 21. Qd3 Ba6 22. Rc1 Nc6 23. e5 h6 24. Qe4 Na5 25. e6 Bc8 26. Ng5 hxg5 27. exf7+ Rxf7 28. Qd5 Ree7 29. Rxf7 Rxf7 30. Bxc8 c6 31. Qd8+ Kh7 32. Qxg5 Qa3 33. Qh5+ Kg8 34. Re1 1-0

[Event "2nd Serbia Open Masters 2022"]
[Site "Novi Sad"]
[Date "2022.07.04"]
[Round "7.2"]
[White "Can, Emre"]
[Black "Motylev, Alexander"]
[Result "*"]
[WhiteElo "2599"]
[BlackElo "2633"]
[Annotator "TA"]
[PlyCount "39"]
[EventDate "2022.06.28"]
[EventType "swiss"]
[EventCountry "SRB"]
[SourceTitle "playchess.com"]
[Source "ChessBase"]
[SourceQuality "1"]

1. d4 d5 2. c4 e6 3. g3 Nf6 4. Bg2 Be7 5. Nf3 O-O 6. O-O c6 7. Qc2 b6 8. Ne5 Bb7 9. Nc3 Nfd7 10. Rd1 Nxe5 11. dxe5 Nd7 12. cxd5 cxd5 13. e4 d4 14. Rxd4 Qc7 15. Bf4 Rfd8 16. Rad1 g5 17. Be3 Nxe5 18. Qe2 Rxd4 19. Bxd4 Rd8 20. h3 *

[Event "2nd Serbia Open Masters 2022"]
[Site "Novi Sad"]
[Date "2022.07.04"]
[Round "7.3"]
[White "Aryan Chopra"]
[Black "Muradli, Mahammad"]
[Result "1-0"]
[WhiteElo "2609"]
[BlackElo "2539"]
[Annotator "TA"]
[PlyCount "129"]
[EventDate "2022.06.28"]
[EventType "swiss"]
[EventCountry "SRB"]
[SourceTitle "playchess.com"]
[Source "ChessBase"]
[SourceQuality "1"]

1. e4 c5 2. Nf3 d6 3. d4 cxd4 4. Nxd4 Nf6 5. Nc3 a6 6. Be3 e5 7. Nb3 Be6 8. Qd2 Nbd7 9. O-O-O b5 10. f3 h5 11. Nd5 Rc8 12. Kb1 Bxd5 13. exd5 Nb6 14. Qa5 Nbxd5 15. Bf2 Qc7 16. Qxc7 Nxc7 17. c4 bxc4 18. Bxc4 d5 19. Bd3 Bd6 20. Rhe1 Kd7 21. Bh4 Kc6 22. Rc1+ Kb7 23. Na5+ Ka8 24. a3 Nb5 25. a4 Nc7 26. Re2 Ne6 27. Rxc8+ Rxc8 28. Bxa6 Rc7 29. Nb3 g5 30. Bf2 Nf4 31. Re1 d4 32. Bf1 N4d5 33. h4 g4 34. Bg3 Re7 35. Rc1 Bb4 36. Bb5 Ne3 37. Rc6 Nfd5 38. Nc5 Bxc5 39. Rxc5 Ka7 40. fxg4 hxg4 41. h5 f5 42. h6 f4 43. Bh4 Rh7 44. Bg5 e4 45. Bc6 f3 46. gxf3 exf3 47. Bxd5 f2 48. Rc1 f1=Q 49. Rxf1 Nxf1 50. Be4 g3 51. Kc2 Ne3+ 52. Kd3 Ng4 53. Kxd4 Rd7+ 54. Kc3 Nf2 55. Bg2 Ng4 56. b4 Rh7 57. Be4 Rh8 58. b5 Kb6 59. Kb4 Nxh6 60. a5+ Kc7 61. a6 Ng4 62. a7 Nf2 63. a8=Q Rxa8 64. Bxa8 Kb8 65. Bd5 1-0

[Event "2nd Serbia Open Masters 2022"]
[Site "Novi Sad"]
[Date "2022.07.04"]
[Round "7.4"]
[White "Pranav Vijay"]
[Black "Sarana, Alexey"]
[Result "0-1"]
[WhiteElo "2265"]
[BlackElo "2675"]
[Annotator "TA"]
[PlyCount "110"]
[EventDate "2022.06.28"]
[EventType "swiss"]
[EventCountry "SRB"]
[SourceTitle "playchess.com"]
[Source "ChessBase"]
[SourceQuality "1"]

1. e4 c5 2. Nf3 d6 3. d4 cxd4 4. Nxd4 Nf6 5. Nc3 a6 6. Be3 Ng4 7. Bg5 h6 8. Bh4 g5 9. Bg3 Bg7 10. h3 Ne5 11. Be2 Nbc6 12. Nb3 b5 13. a4 b4 14. Nd5 Ng6 15. Rb1 e6 16. Ne3 Nce5 17. Qd2 a5 18. Bb5+ Ke7 19. Nd4 Bb7 20. f3 Qc7 21. O-O Rhd8 22. c3 bxc3 23. Rbc1 Kf8 24. Rxc3 Qb6 25. Nec2 d5 26. Bf2 dxe4 27. Nb3 Rxd2 28. Bxb6 Nxf3+ 29. Rcxf3 exf3 30. Nxd2 fxg2 31. Re1 Nf4 32. Kh2 Bxb2 33. Nc4 Bc3 34. Re3 Nd5 35. Rd3 Rc8 36. Bf2 Bf6 37. Ne1 Nf4 38. Rd7 Bd5 39. Ne3 Rc3 40. N1xg2 Bxg2 41. Nxg2 Rxh3+ 42. Kg1 Nd5 43. Ra7 Bc3 44. Bc4 Nf6 45. Bc5+ Kg8 46. Bb5 Nd5 47. Bc4 Nf6 48. Bb5 h5 49. Bf1 h4 50. Ra8+ Kg7 51. Rd8 Ne4 52. Bf8+ Kf6 53. Bd3 Ke5 54. Be2 Bd4+ 55. Kf1 Rh1# 0-1

[Event "2nd Serbia Open Masters 2022"]
[Site "Novi Sad"]
[Date "2022.07.04"]
[Round "7.5"]
[White "Demchenko, Anton"]
[Black "Karthik Venkataraman"]
[Result "1/2-1/2"]
[WhiteElo "2654"]
[BlackElo "2480"]
[Annotator "TA"]
[PlyCount "72"]
[EventDate "2022.06.28"]
[EventType "swiss"]
[EventCountry "SRB"]
[SourceTitle "playchess.com"]
[Source "ChessBase"]
[SourceQuality "1"]

1. e4 c5 2. Nf3 d6 3. Bb5+ Bd7 4. Bxd7+ Nxd7 5. O-O Ngf6 6. Qe2 e6 7. b3 Be7 8. Bb2 O-O 9. c4 Rc8 10. Nc3 Ne5 11. Nxe5 dxe5 12. f4 exf4 13. e5 Nd7 14. Rxf4 f6 15. exf6 Bxf6 16. Kh1 Be5 17. Rxf8+ Qxf8 18. Re1 Qe7 19. Nd1 Bxb2 20. Nxb2 Rf8 21. Kg1 Rf6 22. Nd3 Qd6 23. Qe3 e5 24. Nf2 Qd4 25. Ne4 Ra6 26. Nc3 Nf6 27. h3 Rd6 28. Qxd4 exd4 29. Nb5 Ra6 30. a4 Kf7 31. g4 Re6 32. Rf1 a6 33. Nc7 Re5 34. Nd5 Ke6 35. Nf4+ Kd6 36. Nd3 Re2 1/2-1/2

[Event "2nd Serbia Open Masters 2022"]
[Site "Novi Sad"]
[Date "2022.07.04"]
[Round "7.6"]
[White "Pranav Anand"]
[Black "Ivic, Velimir"]
[Result "1-0"]
[WhiteElo "2479"]
[BlackElo "2623"]
[Annotator "TA"]
[PlyCount "113"]
[EventDate "2022.06.28"]
[EventType "swiss"]
[EventCountry "SRB"]
[SourceTitle "playchess.com"]
[Source "ChessBase"]
[SourceQuality "1"]

1. d4 Nf6 2. c4 g6 3. Nc3 Bg7 4. e4 d6 5. Be2 O-O 6. Be3 c6 7. Nf3 e5 8. d5 Ng4 9. Bg5 f6 10. Bh4 c5 11. Nd2 Nh6 12. a3 Na6 13. Rb1 Qe8 14. f3 f5 15. b4 Nf7 16. O-O Bh6 17. Bf2 Qe7 18. Nb3 b6 19. bxc5 Nxc5 20. Nxc5 bxc5 21. Bd3 Kh8 22. Qa4 a6 23. Qc2 fxe4 24. Nxe4 Bf4 25. Rb6 Bf5 26. Qb3 Bxe4 27. fxe4 Qg5 28. Be2 Qh6 29. h3 Ng5 30. Qd3 Rab8 31. Rxb8 Rxb8 32. Be1 Nf7 33. g3 Be3+ 34. Kg2 Kg7 35. Qc2 Qg5 36. h4 Qe7 37. Ba5 h5 38. Rb1 Rf8 39. Qb3 Bd4 40. Qb7 Qe8 41. Qc6 Qe7 42. Qc7 Qe8 43. Bd1 Qd8 44. Qxd8 Nxd8 45. Bf3 g5 46. Bxh5 gxh4 47. gxh4 Rh8 48. Kg3 Kf6 49. Rb8 Ke7 50. Bg6 Rf8 51. h5 Bf2+ 52. Kg4 Be3 53. Rc8 Bc1 54. Rc7+ Kf6 55. Rd7 Nf7 56. Bxf7 Rxf7 57. Rxf7+ 1-0

[Event "2nd Serbia Open Masters 2022"]
[Site "Novi Sad"]
[Date "2022.07.04"]
[Round "7.7"]
[White "Indjic, Aleksandar"]
[Black "Srihari L R"]
[Result "1-0"]
[WhiteElo "2621"]
[BlackElo "2404"]
[Annotator "TA"]
[PlyCount "115"]
[EventDate "2022.06.28"]
[EventType "swiss"]
[EventCountry "SRB"]
[SourceTitle "playchess.com"]
[Source "ChessBase"]
[SourceQuality "1"]

1. e4 c6 2. Nf3 d5 3. d3 dxe4 4. dxe4 Qxd1+ 5. Kxd1 Nf6 6. Nfd2 h5 7. h4 g6 8. f3 Bh6 9. a4 Be6 10. a5 Nbd7 11. Bc4 Nc5 12. Ke2 Bxc4+ 13. Nxc4 Bxc1 14. Rxc1 Rg8 15. Rd1 g5 16. hxg5 Rxg5 17. Kf2 Nfd7 18. Nc3 O-O-O 19. b4 Ne6 20. Ne2 Rdg8 21. g3 Rh8 22. Ne3 f6 23. Nf5 Rh7 24. a6 b6 25. Ned4 Nd8 26. Ra3 Kc7 27. Rc3 e6 28. Nxc6 Nxc6 29. Nd4 Nc5 30. Nb5+ Kc8 31. bxc5 Rxc5 32. Rxc5 bxc5 33. Rd6 Nd4 34. Nxd4 cxd4 35. Rxe6 Rc7 36. Rxf6 Rxc2+ 37. Kf1 Kc7 38. Rf5 Kb6 39. Rxh5 Kxa6 40. Rd5 Rc3 41. Ke2 Rc2+ 42. Kd1 Rc3 43. f4 Rxg3 44. f5 Rd3+ 45. Kc2 Rf3 46. Kd2 Kb6 47. Rxd4 a5 48. Rd3 Rf1 49. Ke2 Rf4 50. Ke3 Rf1 51. Kd4 Kb5 52. Ke5 Kc4 53. Rh3 a4 54. Kf6 Kd4 55. Rh4 Ke3 56. e5 Rf4 57. Rh1 a3 58. e6 1-0

[Event "2nd Serbia Open Masters 2022"]
[Site "Novi Sad"]
[Date "2022.07.04"]
[Round "7.8"]
[White "Arnaudov, G. Petar"]
[Black "Adhiban, B.."]
[Result "1/2-1/2"]
[WhiteElo "2467"]
[BlackElo "2616"]
[Annotator "TA"]
[PlyCount "96"]
[EventDate "2022.06.28"]
[EventType "swiss"]
[EventCountry "SRB"]
[SourceTitle "playchess.com"]
[Source "ChessBase"]
[SourceQuality "1"]

1. d4 Nf6 2. Nf3 g6 3. Bg5 Bg7 4. Nbd2 O-O 5. c3 h6 6. Bh4 d6 7. e4 Qe8 8. Be2 Nh5 9. O-O Nf4 10. Bc4 e5 11. dxe5 dxe5 12. Re1 Nd7 13. Qc2 Nb6 14. Bf1 a5 15. a4 Kh8 16. Nc4 Nxc4 17. Bxc4 Bd7 18. Nd2 Ne6 19. f3 Nc5 20. b3 c6 21. Bf1 Be6 22. b4 Nd7 23. Nc4 axb4 24. cxb4 Qb8 25. Red1 b5 26. axb5 Rxa1 27. Rxa1 Qxb5 28. Rb1 Qb8 29. Be7 Rc8 30. Bd6 Qa7+ 31. Qf2 Qd4 32. Qxd4 exd4 33. f4 g5 34. g3 gxf4 35. gxf4 Rg8 36. Kf2 Nf6 37. Nd2 Ng4+ 38. Ke2 d3+ 39. Ke1 Nxh2 40. f5 Nxf1 41. fxe6 Nxd2 42. Kxd2 fxe6 43. Rc1 Bf8 44. Rxc6 Bxd6 45. Rxd6 Rb8 46. Kc3 Kg7 47. Rxe6 Rd8 48. Kd2 Rb8 1/2-1/2

[Event "2nd Serbia Open Masters 2022"]
[Site "Novi Sad"]
[Date "2022.07.04"]
[Round "7.9"]
[White "Urazayev, Arystanbek"]
[Black "Puranik, Abhimanyu"]
[Result "0-1"]
[WhiteElo "2445"]
[BlackElo "2608"]
[Annotator "TA"]
[PlyCount "81"]
[EventDate "2022.06.28"]
[EventType "swiss"]
[EventCountry "SRB"]
[SourceTitle "playchess.com"]
[Source "ChessBase"]
[SourceQuality "1"]

1. e4 e5 2. Nf3 Nc6 3. Bb5 a6 4. Ba4 Nf6 5. O-O b5 6. Bb3 Bb7 7. Nc3 Be7 8. d3 O-O 9. Nd5 Na5 10. Nxe7+ Qxe7 11. Nh4 Nxb3 12. Nf5 Qe6 13. axb3 d5 14. f3 Ne8 15. Qe1 Nd6 16. g4 f6 17. Qg3 c5 18. Be3 Rfc8 19. c4 bxc4 20. bxc4 dxc4 21. Nxd6 Qxd6 22. dxc4 Qd3 23. Qf2 Qxc4 24. Rfc1 Qe6 25. Bxc5 Bc6 26. b4 Bb5 27. Rd1 Rd8 28. Rd2 h5 29. gxh5 Qh3 30. Rad1 Rxd2 31. Rxd2 Rc8 32. Qg2 Qxh5 33. Rd5 Be8 34. Rd6 a5 35. Rxf6 axb4 36. Rf5 Qh6 37. Qa2+ Kh7 38. Qc4 Rd8 39. Bxb4 Rd1+ 40. Kg2 Qg6+ 41. Kh3 0-1